Oldest Colleges in the U.S. - Statistics

General Stats
  • This quiz has been taken 131 times
  • The average score is 9 of 15
Answer Stats
Year Founded State School % Correct
1636 Massachusetts Harvard University
98%
1701 Connecticut Yale University
96%
1746 New Jersey Princeton University
91%
1740 Pennsylvania University of Pennsylvania
90%
1764 Rhode Island Brown University
87%
1754 New York Columbia University
81%
1769 New Hampshire Dartmouth College
81%
1693 Virginia College of William and Mary
77%
1766 New Jersey Rutgers University
65%
1743 Delaware University of Delaware
62%
1770 South Carolina College of Charleston
42%
1749 Virginia Washington and Lee University
22%
1696 Maryland St. John's College- Annapolis
14%
1723 Maryland Washington College
10%
1742 Pennsylvania Moravian College
5%
No matching quizzes found
Score Distribution
Percent of People with Each Score
Percentile by Number Answered
Your Score History
You have not taken this quiz